[Event "CAN-op U1600"]
[Site "Windsor CAN"]
[Date "2016.07.15"]
[Round "6.50"]
[White "Thomson, Bruce"]
[Black "Kocela, Manuel"]
[Result "0-1"]
[WhiteElo "1413"]
[BlackElo "1389"]
[PlyCount "50"]
[EventDate "2016.07.10"]
[EventType "swiss"]
[EventRounds "9"]
[EventCountry "CAN"]

1. d4 Nf6 2. c4 d6 3. Nc3 h6 4. Nf3 Bg4 5. e3 a6 6. Be2 e6 7. O-O Be7 8. b3
Nbd7 9. Bb2 Bh5 10. h3 Bg6 11. Bd3 Bh5 12. g4 Bg6 13. Bxg6 fxg6 14. Qd3 Nf8 15.
Nh4 Kf7 16. Ng2 Qe8 17. e4 g5 18. e5 N6d7 19. exd6 cxd6 20. f4 Kg8 21. Rae1 Qg6
22. f5 Qh7 23. Qe4 h5 24. Re3 Nf6 25. Qxe6+ Nxe6 0-1

[Event "CAN-op U1600"]
[Site "Windsor CAN"]
[Date "2016.07.16"]
[Round "7.44"]
[White "Su, Ethan"]
[Black "Young, John"]
[Result "1/2-1/2"]
[WhiteElo "1106"]
[BlackElo "1469"]
[PlyCount "88"]
[EventDate "2016.07.10"]
[EventType "swiss"]
[EventRounds "9"]
[EventCountry "CAN"]

1. e4 d6 2. Nf3 Nf6 3. Nc3 e5 4. d4 exd4 5. Nxd4 Be7 6. Bc4 O-O 7. O-O Nxe4 8.
Nxe4 d5 9. Nf5 Bxf5 10. Bxd5 c6 11. Ng3 Bg6 12. Bb3 Na6 13. Be3 Qc7 14. Qf3 Nc5
15. Bxc5 Bxc5 16. Rfe1 a5 17. c3 a4 18. Bc4 b5 19. Bd3 Rad8 20. Be4 Rd2 21. Re2
Rfd8 22. Bxg6 fxg6 23. Rae1 Rxe2 24. Qxe2 Rf8 25. Qe6+ Qf7 26. Qxf7+ Rxf7 27.
Ne4 Re7 28. Kf1 Re5 29. Nxc5 Rxc5 30. Re7 a3 31. bxa3 Rxc3 32. Rc7 Rxa3 33.
Rxc6 Rxa2 34. Rb6 Rb2 35. Rb7 b4 36. g3 b3 37. Kg2 h5 38. Kf3 Kh7 39. h4 Rb1
40. Rb8 b2 41. Rb6 Kh6 42. Kg2 Kh7 43. Rb8 g5 44. hxg5 Kg6 1/2-1/2

[Event "CAN-op U1600"]
[Site "Windsor CAN"]
[Date "2016.07.16"]
[Round "7.45"]
[White "Koltai, Dora"]
[Black "Bui, Alan"]
[Result "1/2-1/2"]
[WhiteElo "1446"]
[BlackElo "1392"]
[PlyCount "104"]
[EventDate "2016.07.10"]
[EventType "swiss"]
[EventRounds "9"]
[EventCountry "CAN"]

1. e4 e5 2. Nf3 Nc6 3. Bb5 a6 4. Ba4 Nf6 5. O-O b5 6. Bb3 Bc5 7. d3 O-O 8. Bg5
Be7 9. Re1 d6 10. h3 Na5 11. Nc3 Nxb3 12. axb3 c5 13. Qd2 Be6 14. Be3 Qd7 15.
Ng5 a5 16. Ne2 b4 17. Rf1 h6 18. Nxe6 fxe6 19. f4 exf4 20. Nxf4 Kh7 21. Qe1 Ra7
22. Qg3 g5 23. Ne2 Nh5 24. Qe1 a4 25. bxa4 Rxa4 26. Rb1 Raa8 27. Qd2 Rab8 28.
Bf2 Nf4 29. Bg3 e5 30. Ra1 Rg8 31. Qe1 Rbf8 32. Bf2 d5 33. Ra5 d4 34. Bg3 Rg6
35. Ra1 Rgf6 36. Qd2 Bd6 37. Rae1 Qf7 38. Qd1 Kg7 39. Bh2 Bc7 40. Ng3 Kh7 41.
Nf5 b3 42. Rf2 Ba5 43. Ref1 bxc2 44. Rxc2 Bb4 45. Bxf4 gxf4 46. Rf3 Rg6 47. Kf1
Rfg8 48. Qe2 Qa2 49. Qd1 Qa4 50. Qb1 Ra8 51. Rff2 Qa1 52. Rc1 Qxb1 1/2-1/2

[Event "CAN-op U1600"]
[Site "Windsor CAN"]
[Date "2016.07.16"]
[Round "7.46"]
[White "Belanger, Robin"]
[Black "Farkas, Jezzel"]
[Result "1-0"]
[WhiteElo "1452"]
[BlackElo "998"]
[PlyCount "83"]
[EventDate "2016.07.10"]
[EventType "swiss"]
[EventRounds "9"]
[EventCountry "CAN"]

1. e4 c5 2. Nc3 e6 3. Nf3 Nc6 4. Bb5 Nge7 5. O-O a6 6. Bxc6 Nxc6 7. d4 cxd4 8.
Nxd4 e5 9. Nf5 d6 10. Nd5 Bxf5 11. exf5 Be7 12. Be3 O-O 13. Qg4 f6 14. Bb6 Qd7
15. Nc7 Rac8 16. Ne6 Rf7 17. c3 Kh8 18. Qh5 Kg8 19. Rad1 Nd8 20. Qg4 Rc6 21.
Be3 d5 22. Qf3 e4 23. Qxe4 Nxe6 24. Rxd5 Qc8 25. fxe6 Rxe6 26. Qg4 Qc6 27. Rfd1
Rd6 28. Rxd6 Bxd6 29. Bf4 Bxf4 30. Qxf4 Rd7 31. Re1 Qd5 32. Qb8+ Rd8 33. Re8+
Kf7 34. Qxd8 Qxa2 35. Re7+ Kg6 36. Qd3+ Kh6 37. Qh3+ Kg6 38. Qg4+ Kh6 39. Qxg7+
Kh5 40. Qxh7+ Kg5 41. h4+ Kf4 42. Re4# 1-0

[Event "CAN-op U1600"]
[Site "Windsor CAN"]
[Date "2016.07.16"]
[Round "7.47"]
[White "Dimou, Tom"]
[Black "Mathews, Joshua"]
[Result "0-1"]
[WhiteElo "1458"]
[BlackElo "1366"]
[PlyCount "78"]
[EventDate "2016.07.10"]
[EventType "swiss"]
[EventRounds "9"]
[EventCountry "CAN"]

1. e4 e5 2. Nf3 Nc6 3. d4 exd4 4. Nxd4 Nf6 5. Nxc6 bxc6 6. Bd3 Bc5 7. c4 d5 8.
e5 Ng4 9. O-O Nxf2 10. Rxf2 dxc4 11. Be2 Qxd1+ 12. Bxd1 Bxf2+ 13. Kxf2 O-O 14.
Nc3 f6 15. exf6 Rxf6+ 16. Kg1 Bf5 17. b4 Bd3 18. Bf3 Raf8 19. Bg5 Rg6 20. Be4
Rxg5 21. Bxd3 cxd3 22. Rd1 Re5 23. h3 Rd8 24. Rd2 Re1+ 25. Kf2 Rc1 26. Ne4 Rc2
27. Ke3 Rxd2 28. Kxd2 Rd4 29. Ke3 Rxb4 30. Kxd3 Rb2 31. Nc3 Rxg2 32. Kc4 Rh2
33. Ne4 Rxh3 34. Kc5 Ra3 35. Kxc6 Rxa2 36. Kxc7 a5 37. Kb6 a4 38. Kb5 Rh2 39.
Nc3 a3 0-1

[Event "CAN-op U1600"]
[Site "Windsor CAN"]
[Date "2016.07.16"]
[Round "7.48"]
[White "Leaden, Bruce"]
[Black "Thomson, Bruce"]
[Result "0-1"]
[WhiteElo "1509"]
[BlackElo "1413"]
[PlyCount "70"]
[EventDate "2016.07.10"]
[EventType "swiss"]
[EventRounds "9"]
[EventCountry "CAN"]

1. e4 e6 2. d4 d5 3. e5 c5 4. c3 Nc6 5. Nf3 Qb6 6. a3 c4 7. Be2 Na5 8. Nbd2 Bd7
9. O-O O-O-O 10. Rb1 Nb3 11. Nxb3 cxb3 12. c4 Ba4 13. Bg5 Be7 14. Be3 Kb8 15.
Ng5 Bxg5 16. Bxg5 f6 17. exf6 Nxf6 18. Bf4+ Ka8 19. c5 Qc6 20. Re1 h6 21. Be5
a6 22. Bd3 Rhf8 23. Bd6 Rxd6 24. cxd6 Qxd6 25. Qe2 Qf4 26. Qe5 Qh4 27. Qg3 Qxd4
28. Rxe6 Ng4 29. Re2 g5 30. Bg6 Bb5 31. h3 Bxe2 32. hxg4 Bxg4 33. Qxb3 Rxf2 34.
Kh1 Bf3 35. Qxf3 Rxf3 0-1

[Event "CAN-op U1600"]
[Site "Windsor CAN"]
[Date "2016.07.16"]
[Round "7.49"]
[White "Kocela, Manuel"]
[Black "Gaur, Shivan"]
[Result "0-1"]
[WhiteElo "1389"]
[BlackElo "1267"]
[PlyCount "104"]
[EventDate "2016.07.10"]
[EventType "swiss"]
[EventRounds "9"]
[EventCountry "CAN"]

1. d4 Nf6 2. Nc3 g6 3. Bf4 Bg7 4. e3 O-O 5. Be2 d6 6. Bf3 c6 7. g4 Nbd7 8. g5
Ne8 9. h4 e5 10. dxe5 dxe5 11. Bg3 Nc7 12. e4 Ne6 13. Nge2 Qa5 14. Qd2 Nb6 15.
O-O Rd8 16. Qe1 Nc4 17. Nb1 Qxe1 18. Rxe1 Nxb2 19. Nbc3 Nc4 20. a4 Na5 21. Rad1
Bd7 22. Kg2 Nc5 23. h5 gxh5 24. Bxh5 Be6 25. f3 Nc4 26. Kf2 a6 27. Bh4 Rd7 28.
Bg4 Bxg4 29. fxg4 Rad8 30. g6 Rxd1 31. Bxd8 Rxd8 32. gxf7+ Kxf7 33. Ng3 Rd2+
34. Re2 Rxe2+ 35. Kxe2 b5 36. axb5 axb5 37. Nf5 Kf6 38. Na2 Nxe4 39. Nb4 Na5
40. Ke3 Ng5 41. Nd3 Nc4+ 42. Ke2 h5 43. Nxg7 Kxg7 44. gxh5 Kh6 45. Nc5 Kxh5 46.
Nb3 Kg4 47. Nd2 Nxd2 48. Kxd2 Kf4 49. Ke2 Ke4 50. c3 Kd5 51. c4+ Kxc4 52. Ke3
b4 0-1

[Event "CAN-op U1600"]
[Site "Windsor CAN"]
[Date "2016.07.16"]
[Round "7.50"]
[White "Wang, Kevin"]
[Black "Thanabalachandran, Luxiga"]
[Result "0-1"]
[WhiteElo "1019"]
[BlackElo "1142"]
[PlyCount "70"]
[EventDate "2016.07.10"]
[EventType "swiss"]
[EventRounds "9"]
[EventCountry "CAN"]

1. d4 e6 2. c4 d5 3. Nf3 Nf6 4. e3 c5 5. Nc3 Nc6 6. cxd5 Nxd5 7. Bb5 Nxc3 8.
bxc3 cxd4 9. cxd4 Qa5+ 10. Bd2 Qxb5 11. Rb1 Qd5 12. Qa4 Bd7 13. Qc2 b6 14. O-O
e5 15. e4 Nxd4 16. exd5 Nxc2 17. Rfc1 Bf5 18. Rb2 Nd4 19. Nxe5 Ne2+ 20. Kf1
Nxc1 21. Bxc1 Ba3 22. Re2 Be7 23. Kg1 Rc8 24. Re1 f6 25. Nc6 Rc7 26. Ba3 Kf7
27. Rxe7+ Rxe7 28. Bxe7 Re8 29. d6 Rc8 30. g4 Rxc6 31. gxf5 Ke8 32. Kg2 Rc2 33.
h4 Rxa2 34. Kg3 b5 35. h5 h6 0-1

[Event "CAN-op U1600"]
[Site "Windsor CAN"]
[Date "2016.07.16"]
[Round "8.44"]
[White "Young, John"]
[Black "Gaur, Shivan"]
[Result "1-0"]
[WhiteElo "1459"]
[BlackElo "1267"]
[PlyCount "77"]
[EventDate "2016.07.10"]
[EventType "swiss"]
[EventRounds "9"]
[EventCountry "CAN"]

1. e4 c5 2. d4 cxd4 3. c3 dxc3 4. Nxc3 e6 5. Nf3 Nc6 6. Bc4 Nf6 7. O-O Qc7 8.
Nb5 Qb8 9. e5 Nxe5 10. Bf4 Nxf3+ 11. Qxf3 d6 12. Rac1 a6 13. Nc7+ Kd8 14. Nxa8
Qxa8 15. Rfd1 d5 16. Qc3 Ke8 17. Bf1 Bd7 18. f3 Qa7+ 19. Kh1 Be7 20. Be3 Qb8
21. Qa5 Bc6 22. b4 Bd8 23. Qc5 Nd7 24. Qc3 Bf6 25. Qb3 Ke7 26. a4 Nf8 27. b5
axb5 28. axb5 Bd7 29. b6 Be5 30. g3 f6 31. Re1 Kf7 32. f4 Bd6 33. Bc5 Bxc5 34.
Rxc5 h5 35. Rc7 Ke8 36. f5 Kd8 37. Bb5 Bxb5 38. Qxb5 e5 39. Qxd5+ 1-0

[Event "CAN-op U1600"]
[Site "Windsor CAN"]
[Date "2016.07.16"]
[Round "8.45"]
[White "Mathews, Joshua"]
[Black "Koltai, Dora"]
[Result "1/2-1/2"]
[WhiteElo "1366"]
[BlackElo "1446"]
[PlyCount "70"]
[EventDate "2016.07.10"]
[EventType "swiss"]
[EventRounds "9"]
[EventCountry "CAN"]

1. e4 e5 2. Nf3 Nf6 3. Nc3 Bb4 4. Bc4 Nc6 5. O-O O-O 6. Re1 d6 7. h3 Be6 8. Bb3
h6 9. Nd5 Bc5 10. c3 Na5 11. Bc2 Nc6 12. d4 exd4 13. cxd4 Bb4 14. Nxb4 Nxb4 15.
d5 Nxc2 16. Qxc2 Bd7 17. Bf4 Re8 18. Rad1 Bb5 19. e5 dxe5 20. Bxe5 Nxd5 21. a4
Bc6 22. Bxc7 Rxe1+ 23. Nxe1 Qg5 24. Nf3 Qh5 25. Bg3 Re8 26. Ne5 Rxe5 27. Bxe5
Qxe5 28. Qd2 Qe4 29. b3 Qg6 30. f3 Qd6 31. Qa5 a6 32. Qd2 Qc5+ 33. Kh1 Qe3 34.
Qc2 Qc3 35. Qf5 Qf6 1/2-1/2

[Event "CAN-op U1600"]
[Site "Windsor CAN"]
[Date "2016.07.16"]
[Round "8.46"]
[White "Kubik, Rob"]
[Black "Belanger, Robin"]
[Result "1-0"]
[WhiteElo "1571"]
[BlackElo "1452"]
[PlyCount "37"]
[EventDate "2016.07.10"]
[EventType "swiss"]
[EventRounds "9"]
[EventCountry "CAN"]

1. d4 Nf6 2. Nf3 g6 3. Bf4 Bg7 4. e3 d5 5. Be2 c5 6. c3 b6 7. Nbd2 O-O 8. Ne5
Bb7 9. h4 Nc6 10. h5 Nd7 11. Nxd7 Qxd7 12. hxg6 hxg6 13. Nf3 f6 14. Bd3 Kf7 15.
Bxg6+ Kg8 16. Nd2 e5 17. Qh5 Bh6 18. Bxh6 exd4 19. Bf5 1-0

[Event "CAN-op U1600"]
[Site "Windsor CAN"]
[Date "2016.07.16"]
[Round "8.47"]
[White "Bui, Alan"]
[Black "Farkas, Jezzel"]
[Result "1/2-1/2"]
[WhiteElo "1392"]
[BlackElo "998"]
[PlyCount "67"]
[EventDate "2016.07.10"]
[EventType "swiss"]
[EventRounds "9"]
[EventCountry "CAN"]

1. d4 Nf6 2. Nf3 g6 3. c4 Bg7 4. Nc3 d5 5. cxd5 Nxd5 6. e4 Nxc3 7. bxc3 c5 8.
Bc4 O-O 9. O-O Nc6 10. Bb2 Na5 11. Be2 cxd4 12. cxd4 Bd7 13. Qd2 Rc8 14. Rac1
b6 15. Rxc8 Qxc8 16. Rc1 Qb7 17. Bd3 Rc8 18. Rxc8+ Qxc8 19. Ba3 e6 20. d5 exd5
21. exd5 Nc4 22. Qc1 Nxa3 23. Qxa3 Qc5 24. Qxc5 bxc5 25. Kf1 Kf8 26. Ke2 h6 27.
Nd2 Ke7 28. Nb3 Kd6 29. Bc4 Bc3 30. a3 Bc8 31. Kd3 Be1 32. Ke2 Bc3 33. Kd3 Be1
34. Ke2 1/2-1/2

[Event "CAN-op U1600"]
[Site "Windsor CAN"]
[Date "2016.07.16"]
[Round "8.48"]
[White "Thomson, Bruce"]
[Black "Su, Ethan"]
[Result "1-0"]
[WhiteElo "1413"]
[BlackElo "1106"]
[PlyCount "85"]
[EventDate "2016.07.10"]
[EventType "swiss"]
[EventRounds "9"]
[EventCountry "CAN"]

1. d4 Nf6 2. c4 g6 3. Nc3 Bg7 4. e4 d6 5. Bd3 Nbd7 6. Qc2 e5 7. d5 Nc5 8. Nge2
c6 9. Bg5 Qb6 10. b3 Ng4 11. O-O cxd5 12. Nxd5 Qc6 13. h3 Nh6 14. Qd2 Ng8 15.
Rad1 f6 16. Be3 Ne7 17. Nxe7 Kxe7 18. Ng3 Be6 19. f3 b6 20. Bh6 Kf7 21. Bxg7
Kxg7 22. Bc2 Rhd8 23. Ne2 b5 24. cxb5 Qxb5 25. Nc3 Qb6 26. Kh1 Rd7 27. f4 Rad8
28. Qf2 exf4 29. Qxf4 Rf7 30. Nd5 Bxd5 31. Rxd5 Ne6 32. Qd2 Qa6 33. Bd3 Qb6 34.
Rd1 Nc7 35. Ra5 d5 36. exd5 Nxd5 37. Bc4 Nc7 38. Qxd8 Qxa5 39. Bxf7 Kxf7 40.
Rd7+ Ke6 41. Qxc7 Qe1+ 42. Kh2 g5 43. Re7+ 1-0

[Event "CAN-op U1600"]
[Site "Windsor CAN"]
[Date "2016.07.16"]
[Round "8.49"]
[White "Wang, Kevin"]
[Black "Dimou, Tom"]
[Result "1/2-1/2"]
[WhiteElo "1019"]
[BlackElo "1458"]
[PlyCount "97"]
[EventDate "2016.07.10"]
[EventType "swiss"]
[EventRounds "9"]
[EventCountry "CAN"]

1. d4 d5 2. c4 e6 3. Nf3 Nf6 4. Nc3 Be7 5. e3 c5 6. Bd2 O-O 7. cxd5 Nxd5 8. Bc4
Nxc3 9. Bxc3 Qc7 10. Rc1 cxd4 11. Bxd4 Bb4+ 12. Nd2 Nc6 13. Bc3 Bxc3 14. Rxc3
b6 15. Bb5 Bb7 16. Qc2 Rac8 17. O-O Qd6 18. Rd3 Qe5 19. Bxc6 Rxc6 20. Rc3 Qd5
21. Rxc6 Bxc6 22. e4 Qd7 23. f3 Rd8 24. Nb3 Ba4 25. Rc1 Bxb3 26. Qxb3 Qd4+ 27.
Kf1 g6 28. Rc4 Qd2 29. Qc2 Qf4 30. Rc8 Rxc8 31. Qxc8+ Kg7 32. Qc3+ Qf6 33.
Qxf6+ Kxf6 34. Kf2 e5 35. g3 Ke6 36. Ke3 b5 37. b4 f5 38. h3 g5 39. f4 exf4+
40. gxf4 fxe4 41. Kxe4 gxf4 42. Kxf4 Kf6 43. h4 Kg6 44. Kg4 h6 45. h5+ Kf6 46.
Kf4 Ke6 47. Ke4 Kf6 48. Kf4 a6 49. a3 1/2-1/2

[Event "CAN-op U1600"]
[Site "Windsor CAN"]
[Date "2016.07.16"]
[Round "8.50"]
[White "Leaden, Bruce"]
[Black "Thanabalachandran, Luxiga"]
[Result "0-1"]
[WhiteElo "1509"]
[BlackElo "1142"]
[PlyCount "48"]
[EventDate "2016.07.10"]
[EventType "swiss"]
[EventRounds "9"]
[EventCountry "CAN"]

1. e4 e6 2. d4 d5 3. e5 c5 4. c3 Nc6 5. Nf3 Bd7 6. Be2 Qb6 7. b3 Nge7 8. Bb2
Nf5 9. O-O Be7 10. a4 O-O 11. Na3 Na5 12. dxc5 Qxb3 13. Qxb3 Nxb3 14. Rad1 Bxa4
15. Nb5 Bxb5 16. Bxb5 Nxc5 17. Nd4 Nxd4 18. cxd4 Nb3 19. Rd3 Na5 20. Rc1 Rfc8
21. Rdc3 Rxc3 22. Rxc3 a6 23. Be2 Nc6 24. Ba3 Bxa3 0-1

[Event "CAN-op U1600"]
[Site "Windsor CAN"]
[Date "2016.07.17"]
[Round "9.44"]
[White "Dimou, Tom"]
[Black "Kocela, Manuel"]
[Result "1-0"]
[WhiteElo "1458"]
[BlackElo "1389"]
[PlyCount "91"]
[EventDate "2016.07.10"]
[EventType "swiss"]
[EventRounds "9"]
[EventCountry "CAN"]

1. e4 b6 2. d4 d5 3. e5 e6 4. Bd3 c5 5. c3 c4 6. Bc2 Bd7 7. a4 a5 8. Nh3 h6 9.
f4 Ne7 10. Qf3 Nf5 11. Bxf5 exf5 12. Nd2 Qh4+ 13. Nf2 Be6 14. Nxc4 Nd7 15. Ne3
Rc8 16. Nxd5 g6 17. Ne3 Qh5 18. Qxh5 gxh5 19. d5 Nc5 20. dxe6 fxe6 21. O-O Be7
22. Nc2 Nb3 23. Rb1 Bc5 24. Kh1 Rg8 25. Nd3 Kf7 26. Nxc5 bxc5 27. Be3 h4 28.
Rf3 h5 29. Bf2 Nd2 30. Rd1 Nxf3 31. gxf3 Rgd8 32. Rd6 h3 33. Na3 Rxd6 34. exd6
Ke8 35. Nc4 Rb8 36. Bh4 Rb3 37. Kg1 Kd7 38. Kf2 Rb8 39. Kg3 Kc6 40. Be7 Kd5 41.
Ne5 Rxb2 42. d7 Rb8 43. d8=Q+ Rxd8 44. Bxd8 c4 45. Bxa5 Kc5 46. Kh4 1-0

[Event "CAN-op U1600"]
[Site "Windsor CAN"]
[Date "2016.07.17"]
[Round "9.44"]
[White "Young, John"]
[Black "Kubik, Rob"]
[Result "0-1"]
[WhiteElo "1469"]
[BlackElo "1571"]
[PlyCount "56"]
[EventDate "2016.07.10"]
[EventType "swiss"]
[EventRounds "9"]
[EventCountry "CAN"]

1. e4 e6 2. b3 d5 3. Bb2 dxe4 4. Nc3 Nf6 5. d3 exd3 6. Bxd3 Nbd7 7. Qe2 Bb4 8.
O-O-O Qe7 9. Nb5 O-O 10. Nxc7 Rb8 11. Nb5 a6 12. c3 Bc5 13. Nd4 Bxd4 14. cxd4
Nd5 15. g3 N7f6 16. h4 b5 17. Nh3 Bb7 18. Rhg1 Rfc8+ 19. Kb1 Nc3+ 20. Bxc3 Rxc3
21. Rc1 Rxd3 22. Qxd3 Be4 23. Nf4 Bxd3+ 24. Nxd3 Nd5 25. Kb2 Qf6 26. Rgd1 Qxd4+
27. Ka3 b4+ 28. Ka4 Qb6 0-1

[Event "CAN-op U1600"]
[Site "Windsor CAN"]
[Date "2016.07.17"]
[Round "9.45"]
[White "Koltai, Dora"]
[Black "Thomson, Bruce"]
[Result "1-0"]
[WhiteElo "1446"]
[BlackElo "1413"]
[PlyCount "67"]
[EventDate "2016.07.10"]
[EventType "swiss"]
[EventRounds "9"]
[EventCountry "CAN"]

1. e4 g6 2. d4 Bg7 3. Nf3 d6 4. h3 Bd7 5. Nc3 Nc6 6. Bc4 e6 7. Bg5 Nge7 8. Qd2
O-O 9. O-O Re8 10. Bh6 a6 11. a3 b5 12. Ba2 Qc8 13. Bxg7 Kxg7 14. Rad1 Rd8 15.
Qf4 Rf8 16. Qh4 Ng8 17. Rfe1 Qd8 18. Qg3 Qc8 19. Ne2 Nce7 20. Nf4 Kh8 21. Qh4
f6 22. Qg3 e5 23. Nd5 Nxd5 24. Bxd5 Rb8 25. Rd3 c6 26. Ba2 Be6 27. Bxe6 Qxe6
28. dxe5 dxe5 29. b3 Rbd8 30. Red1 Rxd3 31. Rxd3 Qe7 32. Rc3 c5 33. Nh4 Kg7 34.
Nf5+ 1-0

[Event "CAN-op U1600"]
[Site "Windsor CAN"]
[Date "2016.07.17"]
[Round "9.46"]
[White "Belanger, Robin"]
[Black "Mathews, Joshua"]
[Result "0-1"]
[WhiteElo "1452"]
[BlackElo "1366"]
[PlyCount "72"]
[EventDate "2016.07.10"]
[EventType "swiss"]
[EventRounds "9"]
[EventCountry "CAN"]

1. e4 e5 2. Nc3 Nf6 3. f4 exf4 4. Nf3 Bc5 5. d4 Bb4 6. Bd3 d6 7. Bxf4 O-O 8.
O-O Bg4 9. e5 Bxc3 10. exf6 Bxd4+ 11. Kh1 Bxf6 12. c3 c6 13. Bxd6 Re8 14. Bf4
Nd7 15. Qc2 Nf8 16. Rad1 Qa5 17. a3 Qh5 18. Qb3 b5 19. Qb4 Bxf3 20. Rxf3 Be5
21. Rdf1 Bxf4 22. Qxf4 Re7 23. Rh3 Qe5 24. Qh4 g6 25. Rhf3 Rae8 26. Qf2 f5 27.
g4 Qd5 28. Kg1 Nd7 29. gxf5 gxf5 30. Bxf5 Rg7+ 31. Rg3 Nf6 32. Rxg7+ Kxg7 33.
Qxa7+ Kh8 34. Qd4 Rg8+ 35. Kf2 Qxf5+ 36. Ke1 Re8+ 0-1

[Event "CAN-op U1600"]
[Site "Windsor CAN"]
[Date "2016.07.17"]
[Round "9.48"]
[White "Thanabalachandran, Luxiga"]
[Black "Farkas, Jezzel"]
[Result "1-0"]
[WhiteElo "1142"]
[BlackElo "998"]
[PlyCount "87"]
[EventDate "2016.07.10"]
[EventType "swiss"]
[EventRounds "9"]
[EventCountry "CAN"]

1. e4 c5 2. Nf3 Nc6 3. d4 cxd4 4. Nxd4 Qb6 5. Nxc6 bxc6 6. Nc3 e5 7. Bc4 Nf6 8.
b3 Bb4 9. Bd2 Qa5 10. Qf3 O-O 11. O-O Bxc3 12. Qxc3 Qxc3 13. Bxc3 d5 14. exd5
cxd5 15. Bb5 Rb8 16. Ba4 Bd7 17. Bxe5 Rb7 18. Bxf6 gxf6 19. Bxd7 Rxd7 20. Rfd1
Rfd8 21. c4 dxc4 22. Rxd7 Rxd7 23. bxc4 Rc7 24. Rc1 Kf8 25. Kf1 Ke7 26. Ke2 a5
27. Kd3 Kd6 28. Rb1 Rc5 29. Rb6+ Rc6 30. Rxc6+ Kxc6 31. Kd4 h6 32. f4 f5 33.
Ke5 Kc5 34. Kxf5 Kxc4 35. Kf6 Kc3 36. Kxf7 Kb2 37. Kg7 Kxa2 38. f5 Kb1 39. f6
a4 40. f7 a3 41. f8=Q a2 42. Qa8 a1=Q+ 43. Qxa1+ Kxa1 44. Kxh6 1-0

[Event "CAN-op U1600"]
[Site "Windsor CAN"]
[Date "2016.07.17"]
[Round "9.50"]
[White "Su, Ethan"]
[Black "Wang, Kevin"]
[Result "1/2-1/2"]
[WhiteElo "1106"]
[BlackElo "1019"]
[PlyCount "82"]
[EventDate "2016.07.10"]
[EventType "swiss"]
[EventRounds "9"]
[EventCountry "CAN"]

1. e4 c5 2. d3 d6 3. Nf3 Nc6 4. g3 g6 5. Bg2 Bg7 6. O-O Nf6 7. Nc3 O-O 8. Be3
Ng4 9. Qd2 Nxe3 10. Qxe3 a6 11. Nh4 Qa5 12. Qd2 Bd7 13. f4 f5 14. exf5 Bxf5 15.
Nxf5 Rxf5 16. Be4 Rff8 17. f5 gxf5 18. Bxf5 Kh8 19. Qg5 Rf6 20. Nd5 Rh6 21.
Nxe7 Nxe7 22. Qxe7 Bxb2 23. Qxb7 Bd4+ 24. Kh1 Rf8 25. Bxh7 Rxf1+ 26. Rxf1 Bg7
27. Be4 Qxa2 28. Qc8+ Qg8 29. Qxa6 d5 30. Bg6 Bd4 31. Qb7 Rxg6 32. Rf5 Rg5 33.
Rf4 Rh5 34. Qe7 Rh7 35. Qd6 Rf7 36. Qxd5 Rxf4 37. Qxg8+ Kxg8 38. gxf4 Be3 39.
f5 Kf7 40. Kg2 Kf6 41. Kf3 Bg1 1/2-1/2

[Event "CAN-op U2000"]
[Site "Windsor CAN"]
[Date "2016.07.10"]
[Round "1.26"]
[White "Mathews, Jeremy"]
[Black "Green, Jim"]
[Result "1/2-1/2"]
[WhiteElo "1743"]
[BlackElo "1888"]
[PlyCount "142"]
[EventDate "2016.07.10"]
[EventType "swiss"]
[EventRounds "9"]
[EventCountry "CAN"]

1. e4 e5 2. Nf3 Nf6 3. Nc3 Nc6 4. Bb5 d6 5. d4 exd4 6. Nxd4 Bd7 7. Nxc6 bxc6 8.
Bc4 Be7 9. O-O O-O 10. f4 Be6 11. Bd3 Bc8 12. h3 Re8 13. e5 dxe5 14. fxe5 Qd4+
15. Kh1 Qxe5 16. Qf3 Be6 17. Bf4 Qc5 18. Ne4 Nxe4 19. Bxe4 Bd5 20. Be3 Qc4 21.
Bxd5 Qxd5 22. Qf2 a6 23. Rad1 Qe6 24. Bd4 Bd6 25. Qf3 c5 26. Rde1 Qd7 27. Bc3
Rad8 28. Rd1 Qe6 29. Rd5 Bf8 30. Rf5 Re7 31. Qg3 Qe2 32. Re1 Rd1 33. Ref1 Qxf1+
34. Rxf1 Rxf1+ 35. Kh2 Rf5 36. Qd3 Rf2 37. Qxa6 Ree2 38. Qa8 Rxc2 39. a4 Rxg2+
40. Qxg2 Rxg2+ 41. Kxg2 c4 42. Bd4 Bb4 43. Kf3 f6 44. Ke4 Ba5 45. Bc3 Bb6 46.
Kd5 f5 47. a5 Ba7 48. Bd4 c6+ 49. Kxc4 Bb8 50. a6 Kf7 51. a7 Bxa7 52. Bxa7 Ke6
53. Bd4 g5 54. Kc5 Kd7 55. Bf6 h6 56. Bg7 f4 57. Kd4 h5 58. Bh6 f3 59. Ke3 g4
60. hxg4 hxg4 61. Bf4 Ke6 62. Bg3 Kd5 63. Kd3 Kc5 64. Be1 Kd5 65. Bf2 Ke5 66.
Ba7 Kd5 67. Bb8 Kc5 68. Bg3 Kb4 69. Kc2 Kc4 70. Bf2 Kd5 71. Kd3 Ke5 1/2-1/2

[Event "CAN-op U2000"]
[Site "Windsor CAN"]
[Date "2016.07.10"]
[Round "1.36"]
[White "Humphreys, Stephen"]
[Black "Manion, Tom"]
[Result "1/2-1/2"]
[WhiteElo "1647"]
[BlackElo "1710"]
[PlyCount "101"]
[EventDate "2016.07.10"]
[EventType "swiss"]
[EventRounds "9"]
[EventCountry "CAN"]

1. d4 f5 2. g3 g6 3. Bg2 Bg7 4. c4 Nc6 5. Nf3 d6 6. d5 Ne5 7. Nxe5 dxe5 8. Nc3
Nf6 9. O-O O-O 10. Qc2 a6 11. b3 Rb8 12. a4 Rf7 13. Bb2 Bd7 14. Rad1 Qc8 15.
Qd2 c5 16. dxc6 Bxc6 17. Nd5 Nd7 18. Nb4 Bxg2 19. Kxg2 Nc5 20. Qc2 Qc7 21. Nd3
Ne6 22. Nb4 a5 23. Nd5 Qc6 24. Kg1 Nd4 25. Bxd4 exd4 26. e3 e6 27. Nf4 dxe3 28.
fxe3 e5 29. Nd5 Rd7 30. e4 Rbd8 31. Kg2 b6 32. Ne7+ Rxe7 33. Rxd8+ Bf8 34. Rd5
Qe6 35. exf5 Qc6 36. fxg6 hxg6 37. Qe4 Re8 38. Qf3 Qe6 39. Qe4 Qc6 40. Re1 Bg7
41. Red1 Bh8 42. h3 Bg7 43. Kh2 Bf8 44. Rf1 Bg7 45. Qg4 e4 46. Re1 Qf6 47. Re2
e3 48. Rd3 Qf1 49. Rd7 Kh8 50. Qh4+ Kg8 51. Qg4 1/2-1/2

[Event "CAN-op U2000"]
[Site "Windsor CAN"]
[Date "2016.07.10"]
[Round "1.37"]
[White "Piccinin, Mario"]
[Black "Li, Eric M"]
[Result "1-0"]
[WhiteElo "1694"]
[BlackElo "1658"]
[PlyCount "57"]
[EventDate "2016.07.10"]
[EventType "swiss"]
[EventRounds "9"]
[EventCountry "CAN"]

1. f4 c5 2. Nf3 g6 3. d3 Bg7 4. e3 Nc6 5. Be2 Nf6 6. O-O O-O 7. e4 d6 8. c3 Rb8
9. a4 b6 10. Qe1 a6 11. Ng5 b5 12. axb5 axb5 13. f5 Qb6 14. Qh4 Ne5 15. Be3 h6
16. Nh3 Kh7 17. Nd2 Bd7 18. d4 cxd4 19. Bxd4 Qc7 20. Ra7 Rb7 21. Rfa1 Nc6 22.
Rxb7 Qxb7 23. Be3 Ra8 24. Rf1 Ne5 25. Nf3 Nxf3+ 26. Bxf3 Bc6 27. Bd4 Nxe4 28.
fxg6+ Kh8 29. Qxh6+ 1-0

[Event "CAN-op U2000"]
[Site "Windsor CAN"]
[Date "2016.07.10"]
[Round "1.38"]
[White "Faust, Steven"]
[Black "Glew, Richard"]
[Result "0-1"]
[WhiteElo "1613"]
[BlackElo "1722"]
[PlyCount "74"]
[EventDate "2016.07.10"]
[EventType "swiss"]
[EventRounds "9"]
[EventCountry "CAN"]

1. Nf3 Nf6 2. c4 g6 3. g3 Bg7 4. Bg2 O-O 5. O-O c6 6. Nc3 d5 7. cxd5 cxd5 8. d4
Nc6 9. h3 Re8 10. Kh2 e5 11. dxe5 Nxe5 12. Nxe5 Rxe5 13. Bf4 Rh5 14. h4 h6 15.
Kg1 g5 16. hxg5 hxg5 17. Be5 Be6 18. e3 g4 19. Bf4 Qb6 20. Qd2 Rd8 21. Rfd1 d4
22. exd4 Nd5 23. Nxd5 Bxd5 24. Qe2 Bxg2 25. Qxg4 Rhd5 26. Kxg2 Qc6 27. Kg1 Rxd4
28. Rxd4 Rxd4 29. Rc1 Qxc1+ 30. Kg2 Qc6+ 31. Kh2 Qg6 32. Qc8+ Bf8 33. Be3 Qh5+
34. Kg2 Rd1 35. g4 Qd5+ 36. Kg3 Qd6+ 37. Kh4 Qd8+ 0-1